El planeta tierra en peligro

Збережено в:
Бібліографічні деталі
Формат: Текст
Теги: Додати тег
Немає тегів, Будьте першим, хто поставить тег для цього запису!

MARC

LEADER 00000 a a2200000 04500
001 47009
003
040
245 |a El planeta tierra en peligro  
773 |g volumen9, número98, (1981), páginas 76-80 : fotos  
999 |c 20380  |d 20380